000 00328 a2200109 4500
001 ART_58058
005 20260410161815.0
008 260409a
245 1 0 _aSobre la enseñanza del Derecho Constitucional.
100 1 _aGusman, Alfredo S.
773 0 _tAcademia
_g- Año 18, N° 37 (ene./jun. 2021)
_wREV4314
999 _c21863
_d21863